Tales of Berseria - Statistiques

Statistiques générales
  • Ce quiz a été pris 9 fois
  • Le résultat moyen est 9 sur 17
Statistiques - réponses
Rôle Réponse % Correct
Pirate Maudit Eizen
100%
Sorcière Charismatique Magilou
100%
Personnage Principal Velvet
100%
Exorciste Éléanor
71%
Petit Malak Laphicet
71%
Méchant Principal et Exorciste Artorius
57%
Exorciste à l'Origine de l'Armatization Melchior
57%
Malak de Vent au Pistolet Unique Zaveid
57%
Normin au Chapeau Haut-de-Forme Bienfu
43%
Samouraï Démon Rokurou
43%
Malak de Feu ayant trahi l'abbaye Seres
43%
Exorciste possèdant un Petit Frère Shigure
43%
Second Antagoniste réssuscité grâce à un Sacrifice Humain Innominat
29%
Petite Fille Thérion Kamoana
29%
Exorciste Anti-Démon Oscar
29%
Exorciste Anti-Démon se Transformant en Thérion Térésa
29%
Mère Thérion Medissa
14%
Aucun quiz correspondant
Distribution des résultats
% des personnes avec chaque résultat
Percentile par nombre de réponses
Votre historique - résultats
Vous n’avez pas pris ce quiz